ბათუმის შოთა რუსთაველის სახელმწიფო უნივერსიტეტის ბიბლიოთეკა

ჰომეროსის ჰიმნები / (ბიბ.ჩანაწერი № 55961)

000 -ლიდერი
ფიქსირებული სიგრძის საკონტროლო ველი 01046nam a2200217Ia 4500
001 - საკონტროლო ნომერი
საკონტროლო ველი 23060
003 - საკონტროლო ნომრის იდენტიფიკატორი
საკონტროლო ველი GE_BSU
005 - ბოლო ოპერაციის თარიღი და დრო
საკონტროლო ველი 20230329154612.0
008 - ფიქსირებული სიგრძის მონაცემთა ელემენტები - ზოგადი ინფორმაცია
ფიქსირებული სიგრძის საკონტროლო ველი 181216sge 1982xx |||||||||||||| ||geo||
040 ## - კატალოგიზაციის წყარო
Transcribing agency GE_BSU
041 ## - ენის კოდი
Language code of text/sound track or separate title geo
080 ## - უნივერსალური ათობითი კლასიფიკაციის ინდექსი
Universal Decimal Classification number 821.14'01-141 ჰ-80
245 ## - ცნობა სათაურის შესახებ
Title ჰომეროსის ჰიმნები /
Statement of responsibility, etc ძველბერძნულიდან თარგმნა, შესავალი, შენიშვნები და სახელთა საძიებლები დაურთო ლ. კვირიკაშვილმა
264 ## - წარმოების, გამოცემის, დისტრიბუციის და სხვა ცნობები
გამოცემის, წარმოების, დისტრიბუციის... ადგილი თბილისი :
გამოცემის, წარმოების, დისტრიბუციის... სახელწოდება თბილ. უნ-ტის გამ-ბა,
გამოცემის, წარმოების, დისტრიბუციის... თარიღი 1982.
300 ## - ფიზიკური აღწერა
Extent 95 გვ. ;
Other physical details 21 სმ.
501 ## - შენიშვნა თანმხლებ მასალაზე
With note სახელთა საძიებლები: გვ.92-94
653 ## - INDEX TERM--UNCONTROLLED
Uncontrolled term ანტიკური კულტურა
653 ## - INDEX TERM--UNCONTROLLED
Uncontrolled term ჰომეროსის ჰიმნები
700 ## - ADDED ENTRY--PERSONAL NAME
Personal name კვირიკაშვილი, ლ
Relator term მთარგმნელი
9 (RLIN) 17339
942 ## - ADDED ENTRY ELEMENTS (KOHA)
Koha item type წიგნი
Source of classification or shelving scheme
ეგზემპლარები
ჩამოწერის სტატუსი დაკარგული ეგზემპლარის სტატუსი კლასიფიკაციის წყარო ან თაროზე გაწყობის სქემა დაზიანების სტატუსი არ გაიცემა მუდმივი მდებარეობა (დაცვის ადგილი) ამჟამინდელი ადგილსამყოფელი თაროზე განთავსების ადგილი შეძენის თარიღი ღირებულება, შესყიდვის ნორმალური ფასი სრული შენახვის შიფრი შტრიხკოდი ბოლო ოპერაციის თარიღი ეგზემპლარის მიმდევრობითი ნომერი (კეტერი?) ფასის ძალაში შესვლის თარიღი ეგზემპლარის სახეობა საჯარო შენიშვნა Uniform Resource Identifier
          ბათუმის შოთა რუსთაველის სახელმწიფო უნივერსიტეტის მთავარი ბიბლიოთეკა ბათუმის შოთა რუსთაველის სახელმწიფო უნივერსიტეტის მთავარი ბიბლიოთეკა წიგნსაცავი 2018-12-17 1.00 821.14'01-141 ჰ-80 58488 2018-12-17 58488 2018-12-17 წიგნი 1ლ.20თ.  
          ბათუმის შოთა რუსთაველის სახელმწიფო უნივერსიტეტის მთავარი ბიბლიოთეკა ბათუმის შოთა რუსთაველის სახელმწიფო უნივერსიტეტის მთავარი ბიბლიოთეკა წიგნსაცავი 2023-03-29 5.00 821.14'01-141 ჰ-80 64145 2023-03-29 64145 2023-03-29 წიგნი 5.00 ბსუ-ს საპატიო დოქტორის გურამ ლორთქიფანიძის საჩუქარი